<?xml version="1.0" encoding="UTF-8"?>
<record
    xmlns:xsi="http://www.w3.org/2001/XMLSchema-instance"
    xsi:schemaLocation="http://www.loc.gov/MARC21/slim http://www.loc.gov/standards/marcxml/schema/MARC21slim.xsd"
    xmlns="http://www.loc.gov/MARC21/slim">

  <leader>00713nam a22002057a 4500</leader>
  <controlfield tag="005">20250908123522.0</controlfield>
  <datafield tag="010" ind1=" " ind2=" ">
    <subfield code="a">ENG-146673</subfield>
  </datafield>
  <datafield tag="020" ind1=" " ind2=" ">
    <subfield code="c">1280.00</subfield>
    <subfield code="a">9788197519086</subfield>
  </datafield>
  <datafield tag="035" ind1=" " ind2=" ">
    <subfield code="a">EN-130205</subfield>
  </datafield>
  <datafield tag="037" ind1=" " ind2=" ">
    <subfield code="b">DBAD</subfield>
  </datafield>
  <datafield tag="082" ind1=" " ind2=" ">
    <subfield code="a">355.0095409045</subfield>
    <subfield code="2">2025</subfield>
  </datafield>
  <datafield tag="245" ind1=" " ind2=" ">
    <subfield code="a">The Diplomatic Dimensions of Military History</subfield>
    <subfield code="c">Indian Armed Forces in France and Flanders during World Wars I and II/</subfield>
    <subfield code="b">Edited by; Anubhav Roy </subfield>
  </datafield>
  <datafield tag="260" ind1=" " ind2=" ">
    <subfield code="a">Guwahati </subfield>
    <subfield code="b">Subhralin Thakuria </subfield>
    <subfield code="c">2024</subfield>
  </datafield>
  <datafield tag="270" ind1=" " ind2=" ">
    <subfield code="a">Kahilipara , Guwahati </subfield>
    <subfield code="b">Guwahati</subfield>
    <subfield code="e">781019</subfield>
    <subfield code="m">thakuria.subhralin@gmail.com</subfield>
  </datafield>
  <datafield tag="300" ind1=" " ind2=" ">
    <subfield code="a">90p.</subfield>
    <subfield code="c">22cm(hb)</subfield>
  </datafield>
  <datafield tag="700" ind1=" " ind2=" ">
    <subfield code="9">84860</subfield>
    <subfield code="a">Roy, Anubhav </subfield>
  </datafield>
  <datafield tag="700" ind1=" " ind2=" ">
    <subfield code="9">84868</subfield>
  </datafield>
  <datafield tag="700" ind1=" " ind2=" ">
    <subfield code="9">84869</subfield>
  </datafield>
  <datafield tag="942" ind1=" " ind2=" ">
    <subfield code="2">ddc</subfield>
    <subfield code="c">EN</subfield>
    <subfield code="h">355.0095409045</subfield>
    <subfield code="m">DIP</subfield>
  </datafield>
  <datafield tag="999" ind1=" " ind2=" ">
    <subfield code="c">213381</subfield>
    <subfield code="d">213381</subfield>
  </datafield>
  <datafield tag="952" ind1=" " ind2=" ">
    <subfield code="0">0</subfield>
    <subfield code="1">0</subfield>
    <subfield code="4">0</subfield>
    <subfield code="7">0</subfield>
    <subfield code="8">NFIC</subfield>
    <subfield code="a">M</subfield>
    <subfield code="b">M</subfield>
    <subfield code="d">2025-09-08</subfield>
    <subfield code="e">DBAD</subfield>
    <subfield code="g">1280.00</subfield>
    <subfield code="l">0</subfield>
    <subfield code="o">355.0095409045 DIP</subfield>
    <subfield code="p">EN-130205</subfield>
    <subfield code="r">2025-09-08 00:00:00</subfield>
    <subfield code="t">1</subfield>
    <subfield code="v">1280.00</subfield>
    <subfield code="w">2025-09-08</subfield>
    <subfield code="y">EN</subfield>
  </datafield>
</record>
